Pokémon - Les villes d'Alola - Statistiques

Statistiques générales
  • Ce quiz a été pris 45 fois
  • Le résultat moyen est 5 sur 9
Statistiques - réponses
Noms des villes % Correct
Ekaeka
84%
Lili'i
77%
Malié
68%
Kokohio
61%
Village Flottant
55%
Konikoni
52%
Ho'ohale
48%
Village Toko
48%
Ohana
45%
Aucun quiz correspondant
Distribution des résultats
% des personnes avec chaque résultat
Percentile par nombre de réponses
Votre historique - résultats
Vous n’avez pas pris ce quiz